000 00608nam a2200253Ia 4500
005 20260330155104.0
008 008 300114s9999 xx 000 0 eng d
020 _a9789357462457
037 _aEBOOK
040 _aCRL
040 _beng
040 _cCRL
041 _2eng
041 _aeng
084 _qCRL
245 3 _aAn Introduction to Probability and Statistics, 3ed
260 _bWiley
260 _c2023
650 _aMathematics & Statistics
856 _uhttps://ebooks.wileyindia.com/product-details/434120
942 _cEBOOK
999 _c1843808
_d1843808